15 Plus grandes villes de Russie (avec une carte) - Statistiques

Statistiques générales
  • Ce quiz a été pris 187 fois
  • Le résultat moyen est 8 sur 15
Réponses sur la Carte
Les réponses sont colorées sur une échelle allant du rouge au vert en fonction du pourcentage des utilisateurs qui les ont devinées à leur premier essai. Vous pouvez retrouver ces pourcentages ci-dessous.
 
Statistiques - réponses
Continent Ville Population % Correct
Europe Moscou 13,2 million
100%
Europe Saint-Pétersbourg 5,6 million
100%
Europe Kazan 1,3 million
68%
Europe Nijni Novgorod 1,2 million
64%
Europe Rostov-sur-le-Don 1,1 million
63%
Asie Iekaterinbourg 1,5 million
55%
Asie Omsk 1,1 million
46%
Asie Novossibirsk 1,6 million
44%
Europe Krasnodar 1,1 million
41%
Europe Samara 1,1 million
40%
Europe Oufa 1,1 million
38%
Europe Perm 1 million
38%
Asie Krasnoïarsk 1,2 million
27%
Asie Tcheliabinsk 1,2 million
26%
Europe Voronej 1 million
21%
Aucun quiz correspondant
Distribution des résultats
% des personnes avec chaque résultat
Percentile par nombre de réponses
Votre historique - résultats
Vous n’avez pas pris ce quiz